| 000 | 00830nam a22001577a 4500 | ||
|---|---|---|---|
| 003 | OSt | ||
| 005 | 20161125143341.0 | ||
| 008 | 161125b xxu||||| |||| 00| 0 eng d | ||
| 040 | _cRUA | ||
| 082 | _aLMA OU 2014 B540 Or.1 | ||
| 100 |
_911367 _aOU SARIN; អ៊ូ សារិន |
||
| 245 | _aLand transation study in village knong, village prek tamak at prek tamak commune, ksach kandal district, kandal province; សិក្សាអំពីការផ្ទេរសិទ្ធិដីធ្លីនៅក្នុងភូមិក្នុង និងភូមិព្រែកតាមាក់ ឃុំព្រែកតាមាក់ ស្រុកខ្សាច់កណ្ដាល ខេត្តកណ្ដាល | ||
| 260 |
_aPHNOM PENH _bOU _c2014 |
||
| 300 |
_axi;53p. _bill. _c29cm. |
||
| 942 |
_2ddc _cLMA |
||
| 999 |
_c10929 _d10929 |
||